Bangladesh customs tariff 2011 - 2012 : (updated - 8 June 2011).
| Format: | Book |
|---|---|
| Published: |
[S.l]:
[s.n],
2011.
|
| Subjects: |
| LEADER | 00400cam a2200133 7i4500 | ||
|---|---|---|---|
| 001 | 0000026663 | ||
| 005 | 20110729090000.0 | ||
| 090 | 0 | 0 | |a T 382.7 |b BAN (BANG) |
| 245 | 0 | 0 | |a Bangladesh customs tariff 2011 - 2012 : |b (updated - 8 June 2011). |
| 260 | 0 | 0 | |a [S.l]: |b [s.n], |c 2011. |
| 300 | # | # | |a 133 p. |
| 650 | 0 | 0 | |a Tariff -- |z Bangladesh |
| 651 | 0 | 0 | |a Bangladesh |
| 999 | |a 0000028896 |b Book |c Tariffs |e Business Information Centre | ||